| 000 | 00433nam a22001697a 4500 | ||
|---|---|---|---|
| 999 |
_c525947 _d525947 |
||
| 003 | NUST | ||
| 020 |
_a9694790239 _cH/B |
||
| 038 | _awaseem | ||
| 082 |
_a215 _bDAV |
||
| 100 |
_aDavies, Paul _916898 |
||
| 245 |
_aThe Mind of God / _cPaul Davies |
||
| 260 |
_aLahore : _bNigarshat Publishers, _c2006. |
||
| 300 | _a317 p. ; | ||
| 880 |
_6100-01\r _aپال ڈیویز |
||
| 880 |
_6245-02\r _aزہن خداوندی |
||
| 942 |
_2ddc _cBK |
||